Fußball Quiz - kennst du dich aus? #1 - Statistiken

Allgemein
  • Dieses Quiz wurde 2.420 mal gespielt
  • Das Durchschnittsergebnis liegt bei 50 aus 64
Antwortstatistiken
Frage Kachel Select % Korrekt
welche 3 Spieler standen NICHT in der Startelf beim WM-Finale 2018? Mbappe Nein
97%
welche 3 Spieler standen NICHT in der Startelf beim WM-Finale 2018? Griezmann Nein
96%
welche 3 Spieler gewannen NIE den Ballon d'Or? Cristiano Ronaldo Nein
95%
welche 3 Spieler gewannen NIE den Ballon d'Or? Lionel Messi Nein
95%
welche 3 Spieler standen NICHT in der Startelf beim WM-Finale 2018? Varane Nein
94%
welche 3 Spieler standen NICHT in der Startelf beim WM-Finale 2018? Perisic Nein
93%
Welche 3 Spieler hatten NIE ein 90+ Fifa-Rating? De Bruyne Nein
92%
welche 3 Spieler gewannen NIE den Ballon d'Or? Luka Modrić Nein
92%
Welche 3 Spieler hatten NIE ein 90+ Fifa-Rating? Messi Nein
92%
Welche 3 Spieler hatten NIE ein 90+ Fifa-Rating? Neymar Nein
92%
Welche 3 Spieler hatten NIE ein 90+ Fifa-Rating? Ronaldo Nein
92%
Welche 3 Stadien fassen NICHT mindestens 70.000 Zuschauer? Camp Nou (Barcelona) Nein
90%
Welche 3 Spieler hatten NIE ein 90+ Fifa-Rating? Ramos Nein
90%
Welche 3 Spieler hatten NIE ein 90+ Fifa-Rating? Van Dijk Nein
90%
welche 3 Spieler gewannen NIE den Ballon d'Or? Zinédine Zidane Nein
90%
Welche 3 Stadien fassen NICHT mindestens 70.000 Zuschauer? Estadio Santiago Bernabéu (Madrid) Nein
89%
Welche 3 Spieler hatten NIE ein 90+ Fifa-Rating? Salah Nein
89%
Welche 3 Fußballer sind/waren KEINE Linksfüßer? Arjen Robben Nein
88%
Welche 3 Fußballer sind/waren KEINE Linksfüßer? Lionel Messi Nein
88%
Welche 3 Spieler hatten NIE ein 90+ Fifa-Rating? Modric Nein
88%
welche 3 Spieler gewannen NIE den Ballon d'Or? Ronaldinho Nein
88%
welche 3 Spieler gewannen NIE den Ballon d'Or? Ronaldo (R9) Nein
87%
Welche 3 Stadien fassen NICHT mindestens 70.000 Zuschauer? Signal Iduna Park (Dortmund) Nein
87%
Welche 3 Fußballer sind/waren KEINE Linksfüßer? Angel di Maria Nein
86%
Welche 3 Stadien fassen NICHT mindestens 70.000 Zuschauer? Wembley-Stadion (London) Nein
86%
welche 3 Spieler gewannen NIE den Ballon d'Or? Zlatan Ibrahimovic Ja
86%
Welche 3 Spieler hatten NIE ein 90+ Fifa-Rating? Hazard Nein
85%
Welche 3 Fußballer sind/waren KEINE Linksfüßer? Marcelo Nein
85%
Welche 3 Spieler hatten NIE ein 90+ Fifa-Rating? Oblak Nein
85%
welche 3 Spieler standen NICHT in der Startelf beim WM-Finale 2018? Umtiti Nein
85%
Welche 3 Stadien fassen NICHT mindestens 70.000 Zuschauer? Allianz Arena (München) Nein
83%
Welche 3 Fußballer sind/waren KEINE Linksfüßer? David Alaba Nein
83%
Welche 3 Fußballer sind/waren KEINE Linksfüßer? Gareth Bale Nein
82%
welche 3 Spieler standen NICHT in der Startelf beim WM-Finale 2018? Vida Nein
82%
Welche 3 Spieler hatten NIE ein 90+ Fifa-Rating? Ter Stegen Nein
81%
welche 3 Spieler standen NICHT in der Startelf beim WM-Finale 2018? Fekir Ja
79%
Welche 3 Fußballer sind/waren KEINE Linksfüßer? James Rodriguez Nein
79%
Welche 3 Fußballer sind/waren KEINE Linksfüßer? Mesut Özil Nein
78%
welche 3 Spieler standen NICHT in der Startelf beim WM-Finale 2018? Rebic Nein
77%
Welche 3 Fußballer sind/waren KEINE Linksfüßer? Cristiano Ronaldo Ja
76%
Welche 3 Fußballer sind/waren KEINE Linksfüßer? David Silva Nein
76%
welche 3 Spieler standen NICHT in der Startelf beim WM-Finale 2018? Matuidi Nein
76%
Welche 3 Spieler hatten NIE ein 90+ Fifa-Rating? Rakitic Ja
76%
Welche 3 Stadien fassen NICHT mindestens 70.000 Zuschauer? Volksparkstadion (Hamburg) Ja
76%
welche 3 Spieler standen NICHT in der Startelf beim WM-Finale 2018? Giroud Nein
75%
Welche 3 Spieler hatten NIE ein 90+ Fifa-Rating? Kroos Nein
74%
welche 3 Spieler gewannen NIE den Ballon d'Or? Luís Figo Nein
74%
welche 3 Spieler gewannen NIE den Ballon d'Or? Marco van Basten Nein
73%
Welche 3 Stadien fassen NICHT mindestens 70.000 Zuschauer? Old Trafford (Trafford / Man Utd.) Nein
72%
Welche 3 Spieler hatten NIE ein 90+ Fifa-Rating? De Gea Nein
68%
Welche 3 Stadien fassen NICHT mindestens 70.000 Zuschauer? Stade de France (Paris) Nein
68%
Welche 3 Spieler hatten NIE ein 90+ Fifa-Rating? Hummels Ja
65%
Welche 3 Stadien fassen NICHT mindestens 70.000 Zuschauer? Giuseppe-Meazza-Stadion (Mailand) Nein
64%
welche 3 Spieler standen NICHT in der Startelf beim WM-Finale 2018? Jedvaj Ja
61%
Welche 3 Stadien fassen NICHT mindestens 70.000 Zuschauer? Atatürk-Olympiastadion (Istanbul) Nein
60%
welche 3 Spieler gewannen NIE den Ballon d'Or? Michael Owen Nein
57%
Welche 3 Fußballer sind/waren KEINE Linksfüßer? Ribery Ja
57%
Welche 3 Fußballer sind/waren KEINE Linksfüßer? Aguero Ja
56%
Welche 3 Spieler hatten NIE ein 90+ Fifa-Rating? Özil Ja
53%
welche 3 Spieler gewannen NIE den Ballon d'Or? Thierry Henry Ja
51%
welche 3 Spieler standen NICHT in der Startelf beim WM-Finale 2018? Dembele Ja
40%
welche 3 Spieler gewannen NIE den Ballon d'Or? Diego Armando Maradona Ja
37%
Welche 3 Stadien fassen NICHT mindestens 70.000 Zuschauer? Tottenham Hotspur Stadium (London) Ja
37%
Welche 3 Stadien fassen NICHT mindestens 70.000 Zuschauer? Wanda Metropolitano (Madrid) Ja
36%
Keine übereinstimmenden Quizze gefunden
Verteilung der Resultate
Anzahl Personen mit jedem Resultat
Perzentil nach korrekt beantworteten Fragen
Ihre Resultats-Entwicklung
Sie haben dieses Quiz noch nicht gespielt